[Event "Naestved op"]
[Site "Naestved"]
[Date "1988.??.??"]
[Round "?"]
[White "Alingh Prins, Jeroen Willem"]
[Black "Gstrein, Michael"]
[Result "1-0"]
[WhiteElo "1985"]
[BlackElo "2040"]
[PlyCount "33"]
[EventDate "1988.07.??"]
[EventType "swiss"]
[EventRounds "9"]
[EventCountry "DEN"]
[SourceTitle "EXT 2000"]
[Source "ChessBase"]
[SourceDate "1999.11.16"]
[SourceVersion "1"]
[SourceVersionDate "1999.11.16"]
[SourceQuality "1"]

1. c4 Nf6 2. Nc3 e6 3. e4 d5 4. e5 Nfd7 5. d4 dxc4 6. Bxc4 Nb6 7. Bb3 c5 8. dxc5 Qxd1+ 9. Bxd1 Bxc5 10. Nf3 Nc6 11. 0-0 Nc4 12. Na4 Be7 13. Bf4 b5 14. Be2 N4xe5 15. Nxe5 Nxe5 16. Bxe5 bxa4 17. Bf3 1-0